MARC

LEADER 00000nam0a2200000 4500
001 316594
005 20231102002906.0
035 |a (RuTPU)RU\TPU\book\342045 
090 |a 316594 
100 |a 20160324d1936 m y0rusy50 ca 
101 1 |a rus  |c eng 
102 |a RU 
105 |a a z 000zy 
200 1 |a Следы на камне: история Земли и жизни на ней  |e пер. с англ.  |f У. Максвелл Рид  |g под ред. В. А. Обручева ; пер. Л. Савельева 
210 |a Ленинград  |a Москва  |c Главная редакция научно-популярной и юношеской литературы  |d 1936 
215 |a 339 с.  |c ил. 
606 1 |a Палеонтология  |2 stltpush  |3 (RuTPU)RU\TPU\subj\47998  |9 66880 
610 1 |a Земля 
610 1 |a происхождение 
610 1 |a эволюция 
610 1 |a историческая геология 
610 1 |a вулканы 
610 1 |a горы 
610 1 |a материки 
610 1 |a окаменелости 
610 1 |a палеобиология 
610 1 |a ящеры 
610 1 |a динозавры 
610 1 |a ископаемые организмы 
610 1 |a обезьяны 
610 1 |a обезьянолюди 
610 1 |a неандертальцы 
675 |a 56  |v 4 
700 1 |a Максвелл Рид  |b У. 
702 1 |a Обручев  |b В. А.  |4 340 
702 1 |a Савельев  |b Л.  |4 730 
801 1 |a RU  |b 63413507  |c 20160324 
801 2 |a RU  |b 63413507  |c 20200702  |g RCR 
942 |c BK